[Event "CHN-chT 3rd"]
[Site "China"]
[Date "2007.07.16"]
[Round "7"]
[White "Xu, Tong"]
[Black "Hou, Yifan"]
[Result "0-1"]
[WhiteElo "2172"]
[BlackElo "2513"]
[PlyCount "50"]
[EventDate "2007.04.??"]
[EventType "team-tourn"]
[EventRounds "18"]
[EventCountry "CHN"]
[SourceTitle "EXT 2017"]
[Source "ChessBase"]
[SourceDate "2016.10.25"]
[SourceVersion "1"]
[SourceVersionDate "2016.10.25"]
[SourceQuality "1"]

1. e4 e6 2. d4 d5 3. exd5 exd5 4. Bd3 Bd6 5. Nf3 Nc6 6. h3 h6 7. c3 Qf6 8. Be3
Nge7 9. Qe2 O-O 10. O-O Re8 11. Nbd2 Nf5 $132 12. Rfe1 (12. Rae1) 12... Bd7 13.
Nf1 Nce7 14. Qd1 Ng6 15. Qb3 {[%cal Gb3b7,Gb3d5]} Nfh4 16. Nxh4 Nxh4 17. Qd1
Re7 18. Qh5 Rae8 $36 19. Nd2 {[%cal Gg1f1]} (19. Red1) (19. Re2 Bf4 (19... g6
20. Qxh6) 20. Rae1 g6 $19 {[%csl Rh5]}) 19... Bf4 20. Nf1 g6 21. Qe2 Qg5 {
[%cal Gd7h3,Gg5g2]} 22. g3 Bxe3 (22... Rxe3) 23. Nxe3 Rxe3 $1 24. fxe3 Qxg3+
25. Kh1 Rxe3 0-1

[Event "Champions Challenge 225th"]
[Site "Playchess.com INT"]
[Date "2007.11.17"]
[Round "1.1"]
[White "Plaskett, H James"]
[Black "Houard, Yannick"]
[Result "1/2-1/2"]
[WhiteElo "2488"]
[BlackElo "2122"]
[PlyCount "89"]
[EventDate "2007.11.17"]
[EventType "k.o. (blitz)"]
[EventRounds "3"]
[EventCountry "GER"]
[SourceTitle "EXT 2010"]
[Source "ChessBase"]
[SourceDate "2010.11.25"]
[SourceVersion "1"]
[SourceVersionDate "2010.11.25"]
[SourceQuality "1"]

1. d4 d5 2. c4 c6 3. Nf3 Nf6 4. e3 a6 5. Nc3 b5 6. b3 Bg4 7. Bb2 Nbd7 8. Be2 e6
9. O-O Bd6 10. Rc1 O-O 11. Nd2 Bf5 12. Bf3 Qe7 13. e4 dxe4 14. Ncxe4 Nxe4 15.
Nxe4 Ba3 16. Bxa3 Qxa3 17. Qd2 Rac8 18. c5 Bxe4 19. Bxe4 Nf6 20. Bf3 Rfd8 21.
Qc3 b4 22. Qa1 Nd5 23. Bxd5 Rxd5 24. Rfe1 Rcd8 25. Rc4 Qa5 26. g3 Qb5 27. Re4
a5 28. Qe1 Rb8 29. Qe3 Qb7 30. h4 Ra8 31. Rc2 a4 32. Re2 axb3 33. axb3 Ra1+ 34.
Kg2 Qa8 35. Rxe6 fxe6 36. Qxe6+ Kf8 37. Re4 g6 38. Rf4+ Rf5 39. Rxf5+ gxf5 40.
Qxf5+ Kg8 41. Qe6+ Kf8 42. Qf6+ Kg8 43. Qe6+ Kg7 44. Qe7+ Kg8 45. Qe6+ 1/2-1/2

[Event "Champions Challenge 225th"]
[Site "Playchess.com INT"]
[Date "2007.11.17"]
[Round "1.3"]
[White "Plaskett, H James"]
[Black "Houard, Yannick"]
[Result "0-1"]
[WhiteElo "2488"]
[BlackElo "2122"]
[PlyCount "50"]
[EventDate "2007.11.17"]
[EventType "k.o. (blitz)"]
[EventRounds "3"]
[EventCountry "GER"]
[SourceTitle "EXT 2010"]
[Source "ChessBase"]
[SourceDate "2010.11.25"]
[SourceVersion "1"]
[SourceVersionDate "2010.11.25"]
[SourceQuality "1"]

1. e4 e6 2. d4 d5 3. Nd2 Nf6 4. Bd3 c5 5. c3 dxe4 6. Nxe4 cxd4 7. cxd4 Be7 8.
Nf3 Nbd7 9. Nc3 O-O 10. O-O Nb6 11. Re1 Bd7 12. Ne5 Rc8 13. Re3 Bc6 14. Rg3
Nbd5 15. Bh6 Ne8 16. Bxg7 Nxg7 17. Qg4 Bf6 18. Qe4 Re8 19. Qxh7+ Kf8 20. Ne4
Nf4 21. Qh6 Bxe4 22. Qxf4 Bxd3 23. Rxd3 Bxe5 24. Qxe5 Qd5 25. Qf6 Qf5 0-1

[Event "Champions Challenge 225th"]
[Site "Playchess.com INT"]
[Date "2007.11.17"]
[Round "1.4"]
[White "Houard, Yannick"]
[Black "Plaskett, H James"]
[Result "0-1"]
[WhiteElo "2122"]
[BlackElo "2480"]
[PlyCount "78"]
[EventDate "2007.11.17"]
[EventType "k.o. (blitz)"]
[EventRounds "3"]
[EventCountry "GER"]
[SourceTitle "EXT 2010"]
[Source "ChessBase"]
[SourceDate "2010.11.25"]
[SourceVersion "1"]
[SourceVersionDate "2010.11.25"]
[SourceQuality "1"]

1. e4 c5 2. Nf3 e6 3. d4 cxd4 4. Nxd4 Nc6 5. Nc3 Qc7 6. Be2 Nf6 7. O-O d6 8.
Kh1 Be7 9. f4 O-O 10. Be3 Re8 11. Bd3 a6 12. a4 Nxd4 13. Bxd4 e5 14. Bg1 exf4
15. Rxf4 Be6 16. Rf1 Nd7 17. Nd5 Bxd5 18. exd5 Bf6 19. c3 g6 20. Qf3 Re7 21.
Rae1 Rae8 22. Qf2 Bg7 23. h3 Ne5 24. Bc2 Qc4 25. Rd1 f5 26. Qd4 Qxd4 27. Bxd4
Nd7 28. Bg1 Re2 29. Bd3 Rxb2 30. Rb1 Bxc3 31. Rxb2 Bxb2 32. Rb1 Ba3 33. Rxb7
Nc5 34. Bxc5 Bxc5 35. Bxa6 Re1+ 36. Kh2 f4 37. h4 h5 38. Bd3 Bg1+ 39. Kh3 Re3+
0-1

[Event "Champions Challenge 227th"]
[Site "Playchess.com INT"]
[Date "2007.12.01"]
[Round "1.2"]
[White "Houard, Yannick"]
[Black "Simonian, Hrair"]
[Result "1-0"]
[WhiteElo "2122"]
[BlackElo "2420"]
[PlyCount "75"]
[EventDate "2007.12.01"]
[EventType "k.o. (blitz)"]
[EventRounds "3"]
[EventCountry "GER"]
[SourceTitle "EXT 2010"]
[Source "ChessBase"]
[SourceDate "2010.11.25"]
[SourceVersion "1"]
[SourceVersionDate "2010.11.25"]
[SourceQuality "1"]

1. e4 c5 2. Nf3 e6 3. d4 cxd4 4. Nxd4 a6 5. c4 Nf6 6. Nc3 Qc7 7. a3 b6 8. Be3
Bb7 9. f3 d6 10. Be2 Nbd7 11. O-O Be7 12. Rc1 Rc8 13. Kh1 Qb8 14. Qd2 Bd8 15.
Rfd1 Bc7 16. Bg1 h5 17. b4 h4 18. Bf1 h3 19. gxh3 Kf8 20. Rc2 d5 21. cxd5 exd5
22. Nxd5 Nxd5 23. exd5 Bxd5 24. Rdc1 Qb7 25. Bg2 g6 26. Bf2 Kg7 27. Qg5 Rh5 28.
Qe7 Bd8 29. Qd6 Rxc2 30. Rxc2 Ne5 31. Qxd8 Nxf3 32. Nxf3 Bxf3 33. Bd4+ Kh6 34.
Qf8+ Kg5 35. Be3+ Kf5 36. Rf2 Rxh3 37. Qd6 Qe4 38. Qd7+ 1-0

[Event "Rhone op 4th"]
[Site "Rhone"]
[Date "2008.04.13"]
[Round "3"]
[White "Houard, Yannick"]
[Black "Benitah, Yohan"]
[Result "1/2-1/2"]
[WhiteElo "2131"]
[BlackElo "2425"]
[PlyCount "54"]
[EventDate "2008.04.12"]
[EventType "swiss"]
[EventRounds "9"]
[EventCountry "FRA"]
[SourceTitle "CBM 123 Extra"]
[Source "ChessBase"]
[SourceDate "2008.05.06"]
[SourceVersion "1"]
[SourceVersionDate "2008.05.06"]
[SourceQuality "1"]

1. e4 c5 2. Nf3 d6 3. d4 cxd4 4. Nxd4 Nf6 5. Nc3 a6 6. Be2 e5 7. Nb3 Be7 8. O-O
O-O 9. Kh1 Be6 10. f4 Qc7 11. f5 Bc4 12. Bg5 Nbd7 13. a4 Rac8 14. a5 Rfe8 15.
Bxc4 Qxc4 16. Ra4 Qc6 17. Bxf6 Nxf6 18. Qd3 Red8 19. Rd1 h6 20. Raa1 Rd7 21.
Rd2 Qc4 22. g3 Qxd3 23. Rxd3 d5 24. exd5 Bb4 25. Rad1 Bxc3 26. Rxc3 Rxc3 27.
bxc3 Rxd5 1/2-1/2

[Event "Rhone op 4th"]
[Site "Rhone"]
[Date "2008.04.14"]
[Round "4"]
[White "Houard, Yannick"]
[Black "Vocaturo, Daniele"]
[Result "0-1"]
[WhiteElo "2131"]
[BlackElo "2412"]
[PlyCount "98"]
[EventDate "2008.04.12"]
[EventType "swiss"]
[EventRounds "9"]
[EventCountry "FRA"]
[SourceTitle "CBM 123 Extra"]
[Source "ChessBase"]
[SourceDate "2008.05.06"]
[SourceVersion "1"]
[SourceVersionDate "2008.05.06"]
[SourceQuality "1"]

1. e4 e5 2. Nf3 Nc6 3. Bb5 a6 4. Ba4 Nf6 5. O-O Nxe4 6. d4 b5 7. Bb3 d5 8. dxe5
Be6 9. Nbd2 Nc5 10. c3 d4 11. Bxe6 Nxe6 12. cxd4 Ncxd4 13. a4 Rb8 14. axb5 axb5
15. Nb3 Nxb3 16. Qxb3 Be7 17. Rd1 Qc8 18. Be3 O-O 19. Qd5 c5 20. Qd7 Rb7 21.
Qxc8 Rxc8 22. Kf1 h5 23. h3 h4 24. Ke2 Kh7 25. Ra6 g5 26. g4 hxg3 27. fxg3 Kg6
28. h4 gxh4 29. gxh4 Rh8 30. Bg5 Kf5 31. Rf1 Bxg5 32. Nxg5+ Nf4+ 33. Ke3 Rxh4
34. Rxf4+ Rxf4 35. Rf6+ Kxg5 36. Rxf4 c4 37. Rf2 Rc7 38. Kd4 b4 39. Rc2 Kf5 40.
Rxc4 Rxc4+ 41. Kxc4 Kxe5 42. Kxb4 Kd4 43. Ka5 f5 44. b4 f4 45. b5 Kc5 46. b6
Kc6 47. Ka6 f3 48. b7 f2 49. b8=Q f1=Q+ 0-1

[Event "Budapest FS07 GM"]
[Site "Budapest"]
[Date "2008.07.15"]
[Round "11"]
[White "Fogarasi, Tibor"]
[Black "Hou, Yifan"]
[Result "0-1"]
[WhiteElo "2429"]
[BlackElo "2557"]
[PlyCount "70"]
[EventDate "2008.07.05"]
[EventType "tourn"]
[EventRounds "13"]
[EventCountry "HUN"]
[SourceTitle "CBM 125 Extra"]
[Source "ChessBase"]
[SourceDate "2008.09.01"]
[SourceVersion "1"]
[SourceVersionDate "2008.09.01"]
[SourceQuality "1"]

1. e4 c5 2. Nf3 d6 3. d4 cxd4 4. Nxd4 Nf6 5. Nc3 a6 6. Be2 e6 7. O-O Be7 8. a4
Nc6 9. Be3 O-O 10. f4 Qc7 11. Kh1 Bd7 12. Nb3 b6 13. Bf3 Bc8 14. Qe2 Bb7 15.
Rad1 Rac8 16. g4 Nd7 17. g5 Rfe8 18. Bg2 Nb4 19. Rd4 Nc6 20. Rd2 Na5 21. Nxa5
bxa5 22. Qf2 Bf8 23. Qh4 g6 24. Rf3 Bg7 25. Rh3 Nf8 26. f5 exf5 27. exf5 Bxg2+
28. Rxg2 Bxc3 29. bxc3 Qxc3 30. Bg1 Qc6 31. f6 Re2 32. Rhg3 Rxc2 33. h3 Rb8 34.
Kh2 Rbb2 35. Qg4 Ne6 0-1

[Event "Chambery op 14th"]
[Site "Chambery"]
[Date "2008.08.05"]
[Round "4"]
[White "Houard, Yannick"]
[Black "Eydt, Yoann"]
[Result "0-1"]
[WhiteElo "1480"]
[BlackElo "1688"]
[PlyCount "58"]
[EventDate "2008.08.04"]
[EventType "swiss"]
[EventRounds "9"]
[EventCountry "FRA"]
[SourceTitle "EXT 2009"]
[Source "ChessBase"]
[SourceDate "2008.11.26"]
[SourceVersion "1"]
[SourceVersionDate "2008.11.26"]
[SourceQuality "1"]

1. d4 d5 2. c4 e6 3. e3 Nf6 4. Nc3 Be7 5. Nf3 O-O 6. Bd3 h6 7. O-O b6 8. Qc2
Bb7 9. Ne5 Nbd7 10. f4 c5 11. Ne2 Rc8 12. b3 b5 13. Bb2 bxc4 14. bxc4 dxc4 15.
Bxc4 Nb6 16. Qb3 Nxc4 17. Nxc4 Bd5 18. Rac1 Rb8 19. Qc2 Bxc4 20. Rfd1 Bxe2 21.
Qxe2 cxd4 22. Bxd4 Qa5 23. Rc2 Rfc8 24. h3 Nd5 25. Rxc8+ Rxc8 26. Qg4 Bf6 27.
Qf3 Bxd4 28. exd4 Qc3 29. Qe2 Qe3+ 0-1

[Event "CHN-chT 4th"]
[Site "China"]
[Date "2008.03.27"]
[Round "2"]
[White "Wang, Yu A"]
[Black "Hou, Yifan"]
[Result "1/2-1/2"]
[WhiteElo "2381"]
[BlackElo "2578"]
[PlyCount "77"]
[EventDate "2008.12.??"]
[EventType "team-tourn"]
[EventRounds "18"]
[EventCountry "CHN"]
[SourceTitle "EXT 2017"]
[Source "ChessBase"]
[SourceDate "2016.10.25"]
[SourceVersion "1"]
[SourceVersionDate "2016.10.25"]
[SourceQuality "1"]

1. e4 c5 2. Nf3 d6 3. d4 cxd4 4. Nxd4 Nf6 5. Nc3 a6 6. Be3 e5 (6... e6) 7. Nf3
Be7 8. Bc4 O-O 9. O-O Nc6 10. Re1 (10. Bg5 Be6 11. Bb3 Nd7 12. Bxe7 Qxe7 13.
Nd5 Qd8 14. Qd2 Na5 15. Rad1 Rc8 16. h3 Nxb3 17. axb3 Bxd5 18. Qxd5 Rc6 19. c3
Nf6 20. Qd3 Qe7 21. Rfe1 Rd8 22. Qe3 b5 23. b4 g6 24. Rd3 Kg7 25. Red1 h6 26.
g3 Ra8 27. Ra1 Qe6 28. Kg2 Qb3 29. Qe2 Qc4 30. Re3 Qe6 31. Qd3 Rd8 32. Qe2 Qc8
33. Rd1 Rd7 34. Nh2 Qb7 35. Ng4 Nh7 36. Red3 Nf8 37. Qe3 g5 38. Qf3 Nh7 39.
Nxe5 {1-0 (39) Leko,P (2723)-Vachier Lagrave,M (2758) Beijing 2014}) 10... Be6
11. Nd5 Bxd5 12. exd5 b5 13. Bf1 Nb4 14. c4 bxc4 15. Bxc4 Qc8 16. b3 e4 $146 (
16... Qb7 17. Bg5 Nbxd5 18. Bxd5 Qxd5 19. Bxf6 Qxd1 20. Raxd1 gxf6 21. Nd4 d5
22. Nc6 Ba3 23. b4 Rfe8 24. Rxd5 Re6 {1/2-1/2 (24) Schunken,R (2062)-Zemlyanov,
S ICCF email 2008}) 17. Bd2 Nbxd5 18. Bxd5 Nxd5 19. Rxe4 Bf6 20. Rc1 Qd7 21. h3
Qb5 22. Rec4 Ne7 23. Bc3 Bxc3 24. R4xc3 (24. R1xc3) 24... Rad8 25. Nd4 Qg5 26.
Nc6 Nxc6 27. Rxc6 a5 $1 {[%cal Ga5a4]} 28. Qd4 Rfe8 29. Rd1 Qb5 30. Rxd6 Rxd6
31. Qxd6 a4 32. bxa4 Qxa4 33. Qd5 h6 34. Qb3 Qa5 35. g3 Re2 36. a3 Qf5 {
[%cal Gf5h3,Gf5f2]} 37. Qb6 Ra2 (37... Qxh3 $4 38. Qd8+ Kh7 39. Qd3+) 38. Qe3
Kh7 39. Kg2 1/2-1/2

[Event "CHN-chT 4th"]
[Site "China"]
[Date "2008.03.28"]
[Round "3"]
[White "Hou, Yifan"]
[Black "Huang, Qian"]
[Result "1-0"]
[WhiteElo "2578"]
[BlackElo "2430"]
[PlyCount "79"]
[EventDate "2008.12.??"]
[EventType "team-tourn"]
[EventRounds "18"]
[EventCountry "CHN"]
[SourceTitle "EXT 2017"]
[Source "ChessBase"]
[SourceDate "2016.10.25"]
[SourceVersion "1"]
[SourceVersionDate "2016.10.25"]
[SourceQuality "1"]

1. e4 c5 2. Nf3 d6 3. d4 cxd4 4. Nxd4 Nf6 5. Nc3 a6 6. f4 e5 7. Nf3 Nbd7 8. a4
Be7 9. Bd3 O-O 10. O-O Nc5 11. Kh1 exf4 12. Bxf4 Bg4 13. Be3 Rc8 14. Qd2 Re8 (
14... Bh5 15. Nd4 Ng4 16. Nf5 Nxe3 17. Qxe3 Bg6 18. Nd5 Bg5 19. Qg3 Re8 20.
Rae1 Re5 21. Qf3 Nxa4 22. b3 Nc3 23. Nxc3 Rxc3 24. Qf2 b5 25. Qd4 Rc6 26. c4 b4
27. c5 Rexc5 28. Qxb4 Re5 29. Bc4 h5 30. Rd1 Rb6 31. Qc3 Qc7 32. Nxd6 Bf6 33.
Bxf7+ {1-0 (33) Polgar,J (2680)-Naiditsch,A (2689) Moscow 2009}) 15. Bd4 Bh5
16. Rae1 Bg6 17. b4 Ne6 18. Bxf6 Bxf6 19. Nd5 Bh4 20. Rd1 Bh5 21. a5 Bxf3 (
21... Bf6 22. Qf2 Ng5 23. Nxg5 Bxg5 24. Rb1 Bg6 25. Qd4 h6 26. Rbe1 Re5 27. Nb6
Rc6 28. Bc4 Bh4 29. Re3 Qe8 30. c3 Bg5 31. Ree1 Bh4 32. Re3 Bg5 {1/2-1/2 (32)
Hou,Y (2557)-Nguyen Huynh Minh,H (2477) Budapest 2008}) 22. Rxf3 Qg5 23. Ne3 (
23. Rdf1) 23... Qd8 24. Rdf1 Bf6 25. Rxf6 $1 {Tentant de profiter de l'avance
de développement} gxf6 26. Ng4 Kh8 27. Nxf6 (27. Qh6 Rg8 28. Nxf6 Rg7 29. e5
Ng5) 27... Rg8 28. e5 Rg5 29. Nxh7 dxe5 (29... Rxe5 $2 30. Qh6 {[%cal Gh7f6,
Gh6h8]}) 30. Qe1 Nf4 31. Nxg5 Qxg5 32. Be4 {[%csl Ge4][%cal Ge4g2,Ge4b7]} Rc7
33. g3 Ne6 34. Rf5 Qg7 35. Rh5+ Kg8 36. Rxe5 Qf6 37. Rf5 Qb2 38. Rf2 Rc4 39.
Bg6 $1 Ng5 40. Bxf7+ 1-0

[Event "CHN-chT 4th"]
[Site "China"]
[Date "2008.04.22"]
[Round "4"]
[White "Ju, Wenjun"]
[Black "Hou, Yifan"]
[Result "1-0"]
[WhiteElo "2360"]
[BlackElo "2578"]
[PlyCount "65"]
[EventDate "2008.12.??"]
[EventType "team-tourn"]
[EventRounds "18"]
[EventCountry "CHN"]
[SourceTitle "EXT 2017"]
[Source "ChessBase"]
[SourceDate "2016.10.25"]
[SourceVersion "1"]
[SourceVersionDate "2016.10.25"]
[SourceQuality "1"]

1. d4 e6 2. c4 Nf6 3. g3 d5 4. Bg2 Be7 (4... dxc4 5. Nf3 c5 6. O-O Nc6 7. Qa4
Bd7 8. Qxc4 Rc8 9. dxc5 Qa5 10. Nfd2 Qxc5 11. Nc3 Qxc4 12. Nxc4 Be7 13. Bf4 $14
) 5. Nf3 O-O 6. O-O dxc4 7. Qc2 a6 8. a4 (8. Qxc4 b5 9. Qc2 Bb7) 8... Bd7 9.
Qxc4 Bc6 10. Bg5 a5 11. Nc3 Na6 12. Bxf6 Bxf6 13. e4 Nb4 14. Rfd1 b6 15. Rd2
Bb7 16. Qe2 Qe7 (16... Bg5 17. Nxg5 Qxg5 18. h4 Qe7 19. Re1 Rad8 20. Qd1 Rfe8
21. Bf1 Qd7 22. Bb5 Bc6 23. Bc4 h6 24. b3 Bb7 25. Bb5 Bc6 26. Bc4 Bb7 27. Bb5 {
1/2-1/2 (27) Davies,N (2494)-Turner,M (2516) Leeds 2011}) 17. Rad1 Rfd8 18. Qe3
Qe8 19. h4 h6 20. Qf4 Rac8 $6 {[%csl Rc8]} 21. g4 $36 {[%cal Gg4g5]} Be7 22. g5
hxg5 23. hxg5 f6 (23... c5 24. d5) 24. Qg4 {[%cal Gg5f6,Gg4e6]} fxg5 25. Qxe6+
Qf7 26. Bh3 $40 Ra8 27. Ne5 Qxe6 28. Bxe6+ Kf8 29. Kg2 Bc8 30. Ng6+ Ke8 31. d5
Bxe6 32. dxe6 Rxd2 33. Rh1 1-0

[Event "CHN-chT 4th"]
[Site "China"]
[Date "2008.04.24"]
[Round "6"]
[White "Hou, Yifan"]
[Black "Wang, Xinyue"]
[Result "1-0"]
[WhiteElo "2578"]
[BlackElo "1966"]
[PlyCount "61"]
[EventDate "2008.12.??"]
[EventType "team-tourn"]
[EventRounds "18"]
[EventCountry "CHN"]
[SourceTitle "EXT 2017"]
[Source "ChessBase"]
[SourceDate "2016.10.25"]
[SourceVersion "1"]
[SourceVersionDate "2016.10.25"]
[SourceQuality "1"]

1. e4 d5 2. exd5 Qxd5 3. Nc3 Qd6 4. d4 Nf6 5. Nf3 a6 6. g3 {[%cal Gc1f4,Gf4d6]}
Bg4 7. Be2 (7. Bg2 Nc6 8. O-O O-O-O 9. Be3 e5 10. dxe5 Nxe5 11. Qxd6 Nxf3+ 12.
Bxf3 Bxd6 13. Bg2 Be5 14. Rfe1 Rhe8 15. Rac1 Bf5 16. h3 h6 17. Na4 Be4 18. b3
Bxg2 19. Kxg2 Nd5 20. Nc5 Bc3 21. Re2 Nxe3+ 22. fxe3 Bd4 23. Nd3 Rxe3 24. Rxe3
Bxe3 25. Rf1 Rd7 26. a4 Bd4 27. h4 Kd8 28. g4 Ke7 29. Re1+ Kf8 30. Re4 a5 31.
Kf3 b6 32. h5 Bf6 33. Nf4 Be7 34. Rc4 Bd6 35. Nd3 Re7 36. Nf2 Ke8 {Jakovenko,D
(2736)-Gashimov,V (2758) Moscow 2009 0-1}) 7... e6 8. O-O c6 9. Re1 Be7 10. h3
(10. Bf4) 10... Bh5 11. Bf4 Qd8 12. g4 Bg6 13. Ne5 $14 Nd5 14. Nxd5 cxd5 15. c4
$1 {[%csl Re8][%cal Ge1e8]} O-O 16. cxd5 exd5 17. Qb3 $36 {[%csl Rb7,Rd5]} Nc6
$1 18. Qxb7 Nxe5 (18... Nxd4 19. Bg3 (19. Bc4 dxc4 20. Nxg6 {[%csl Re7]})) 19.
Bxe5 Bf6 20. Qxd5 (20. Qb4 {Probablement le coup qui a été réellement joué
dans la partie} Rc8 21. Rac1 Bxe5 22. dxe5 Rxc1 23. Rxc1 Qg5 24. Rd1 Re8 25.
Qd4) 20... Rc8 21. Rac1 Bxe5 22. dxe5 Rxc1 23. Rxc1 Qg5 24. Rd1 Re8 25. Qd4 Bc2
26. Rd2 Bb1 27. f4 $18 Qh4 28. Rd1 Bc2 29. Rc1 Rd8 30. Qe3 Bd1 31. e6 1-0

[Event "CHN-chT 4th"]
[Site "China"]
[Date "2008.12.02"]
[Round "13"]
[White "Hou, Yifan"]
[Black "Ju, Wenjun"]
[Result "1-0"]
[WhiteElo "2578"]
[BlackElo "2397"]
[PlyCount "87"]
[EventDate "2008.12.??"]
[EventType "team-tourn"]
[EventRounds "18"]
[EventCountry "CHN"]
[SourceTitle "EXT 2017"]
[Source "ChessBase"]
[SourceDate "2016.10.25"]
[SourceVersion "1"]
[SourceVersionDate "2016.10.25"]
[SourceQuality "1"]

1. e4 c5 2. Nf3 d6 3. d4 cxd4 4. Nxd4 Nf6 5. Nc3 a6 6. Be3 e5 (6... Ng4) 7. Nb3
Be7 8. Qd2 (8. f3 Be6 9. Qd2 h5 10. Nd5 Nxd5 11. exd5 Bf5 12. Be2 Nd7 13. O-O
O-O 14. Na5 Qc8 15. c4 Bd8 16. Rac1 Nc5 17. Nb3 Bb6 18. Nxc5 Bxc5 19. b4 Bxe3+
20. Qxe3 a5 21. b5 Qd8 22. c5 dxc5 23. Rxc5 Qd6 24. Rfc1 Rad8 25. a4 Rd7 26. h3
Rfd8 27. Bf1 Bg6 28. Kh1 Qf6 29. Bc4 Qd6 30. Bb3 Kh7 31. R5c3 f6 32. b6 Bf7 33.
Rc7 Kg8 34. Qc5 Bxd5 35. Rxd7 Rxd7 36. Qxd6 Rxd6 37. Rd1 Bxb3 {Svidler,P (2739)
-Khismatullin,D (2642) St Petersburg 2015 0-1}) 8... O-O 9. O-O-O a5 10. a4 Be6
11. f4 (11. f3 {La grande ligne} Nc6 (11... Na6)) 11... Qc8 12. Kb1 exf4 $146 (
12... Nc6 13. f5 Nxe4 14. Nxe4 Bxf5 15. Bd3 Nb4 16. Rhf1 Bg6 17. Bg5 Bxg5 18.
Qxg5 d5 19. Nc3 Bxd3 20. cxd3 d4 21. Qxe5 dxc3 22. bxc3 f6 23. Qc5 Qxc5 24.
Nxc5 Nd5 25. Rc1 Rac8 26. Ne4 f5 27. Nd6 Rxc3 28. Rxf5 Rxf5 29. Nxf5 Rxd3 30.
Rc5 Kf7 31. Rxa5 g6 32. Nd6+ Ke6 33. Ne4 Ke5 34. Nc5 Re3 35. Ra7 Kd4 36. Nxb7
Kc3 37. Ka2 Nb4+ 38. Ka3 Re1 {0-1 (38) Ashwin,J (2446)-Li,C (2582) Dubai 2008})
13. Bxf4 Nc6 14. Bb5 Rd8 15. Qe1 Na7 16. Bd3 Nc6 (16... Bxb3 $5 17. cxb3 Nc6 {
[%cal Gc6b4]}) 17. Bb5 Na7 18. Nd4 Nxb5 19. Ncxb5 Ne8 20. Nf5 Bf8 21. Nfxd6
Bxd6 22. Bxd6 Qc6 (22... Nxd6 23. Nxd6 Qc6 $132) 23. e5 Qxg2 24. Rd2 Qg4 25.
Rd4 Qf3 26. Rg1 Rac8 27. Rg3 Qf5 28. Rd2 Qf4 29. b3 Qh6 30. Rf2 b6 31. Kb2 Rd7
32. Qe4 Rdd8 33. Qb7 Qh5 34. Qxb6 $36 {[%csl Gc2]} Nxd6 35. exd6 Qe5+ 36. Rc3
Bd7 37. Qd4 Qxd4 38. Nxd4 Rxc3 39. Kxc3 Be8 40. Rf5 Rxd6 41. Rxa5 Rd8 42. Rc5
g6 43. a5 f5 44. b4 1-0

[Event "CHN-chT 4th"]
[Site "China"]
[Date "2008.12.03"]
[Round "14"]
[White "Pan, Qian"]
[Black "Hou, Yifan"]
[Result "0-1"]
[WhiteElo "2167"]
[BlackElo "2578"]
[PlyCount "60"]
[EventDate "2008.12.??"]
[EventType "team-tourn"]
[EventRounds "18"]
[EventCountry "CHN"]
[SourceTitle "EXT 2017"]
[Source "ChessBase"]
[SourceDate "2016.10.25"]
[SourceVersion "1"]
[SourceVersionDate "2016.10.25"]
[SourceQuality "1"]

1. e4 c5 2. Nf3 d6 3. d4 cxd4 4. Nxd4 Nf6 5. Nc3 e6 6. Be2 a6 7. O-O Qc7 8. f4
Be7 9. Kh1 O-O 10. a4 (10. Be3) (10. Qe1 {[%cal Ge1g3]}) 10... Rd8 (10... Nc6)
11. Bf3 Nc6 12. Be3 Ne5 13. fxe5 (13. Be2 Nc4 14. Bc1 e5 15. Nf5 Bxf5 16. exf5
d5 17. Bxc4 dxc4 18. Qf3 e4 19. Nxe4 Nxe4 20. Qxe4 Bf6 21. c3 Re8 22. Qc2 Qc6
23. Qf2 Re4 24. Bd2 Rae8 25. Rfe1 Rxe1+ 26. Bxe1 h5 27. h3 Qd5 28. Qf1 h4 29.
Bf2 Re4 30. Bg1 Qxf5 31. Bh2 Qh5 32. Re1 Rxe1 33. Qxe1 Qd5 34. Qe8+ Kh7 35. Qc8
Qc6 36. Qxc6 bxc6 37. Kg1 Kg6 38. Kf2 Kf5 39. Kf3 Be7 {1/2-1/2 (39) Abergel,T 
(2440)-Vazquez Igarza,R (2581) Erts 2015}) 13... dxe5 14. Nxe6 Bxe6 15. Qe1 h6
$146 (15... Bc4 16. Be2 Kh8 17. Qf2 Rd6 18. Rfd1 Rc6 19. Bf3 h6 20. Rac1 Rd6
21. Rxd6 Bxd6 22. Bb6 Qc6 23. Rd1 Rc8 24. Rd2 Bb4 25. Rd8+ Rxd8 26. Bxd8 Bxc3
27. bxc3 Qxa4 28. h3 Qc6 29. Qe3 Kh7 30. Kh2 g6 31. Be7 b6 32. Bf8 Ng8 33. h4
h5 34. Qg5 f6 35. Qg3 Qe8 36. Bd6 Nh6 37. Qf2 Qd8 38. Ba3 Kg7 39. Bc1 Qd6 40.
Be3 b5 41. Bc5 Qc7 42. Bb6 Qc8 43. Ba5 Ng4+ 44. Bxg4 Qxg4 45. Bd8 {Tarakanov,M
(2161)-Khismatullin,D (2285) Russia 2000 0-1}) 16. Qg3 {[%cal Ge3h6]} Kh8 (
16... Kf8 $5) 17. Be2 Rac8 18. Rf2 $6 Qa5 19. Bd3 $6 Qb4 20. Bd2 $2 {Les
Blancs ont perdu le fil de la partie depuis la fin de l'ouverture} Qxb2 21. Rb1
{Le sacrifice était meilleur avec une Rf1 et non pas f2} Qa3 22. Rxb7 Rxc3 $19
23. Bxc3 Qxc3 24. Rxe7 Nxe4 25. Qe3 Nxf2+ 26. Qxf2 e4 27. Bf1 Rd1 28. Qf4 Qf6
29. Re8+ Kh7 30. Qxe4+ g6 0-1

[Event "CHN-chT 4th"]
[Site "China"]
[Date "2008.12.04"]
[Round "15"]
[White "Hou, Yifan"]
[Black "Ning, Chunhong"]
[Result "1/2-1/2"]
[WhiteElo "2578"]
[BlackElo "2354"]
[PlyCount "54"]
[EventDate "2008.12.??"]
[EventType "team-tourn"]
[EventRounds "18"]
[EventCountry "CHN"]
[SourceTitle "EXT 2017"]
[Source "ChessBase"]
[SourceDate "2016.10.25"]
[SourceVersion "1"]
[SourceVersionDate "2016.10.25"]
[SourceQuality "1"]

1. e4 c5 2. Nf3 Nc6 3. Bb5 d6 4. d4 cxd4 5. Qxd4 Bd7 6. Bxc6 Bxc6 7. Nc3 (7. c4
) 7... Nf6 8. Bg5 e6 9. O-O-O Be7 10. Qd3 O-O 11. Nd4 a6 (11... Qa5 12. h4 Rfc8
13. f4 Bd7 14. Nb3 Qb4 15. a3 Qc4 16. e5 Nd5 17. Nxd5 exd5 18. Bxe7 Qxf4+ 19.
Rd2 Bf5 20. Bg5 Qg4 21. Qxd5 Be4 22. Qd4 Bxc2 23. Qxg4 Bf5+ 24. Rc2 Rxc2+ 25.
Kd1 Bxg4+ 26. Kxc2 dxe5 27. Rc1 f6 28. Be3 b6 29. Kd2 Rd8+ 30. Ke1 h6 31. Nd2
Kf7 32. Kf2 Rc8 33. Nc4 Ke6 34. a4 g5 35. hxg5 hxg5 36. a5 bxa5 37. b3 a4 38.
b4 a6 39. Bc5 Rd8 40. Ra1 Bd1 41. Nb2 {Ma,Q (2613)-Wang,H (2734) China 2014 1/
2-1/2}) 12. h4 Qc7 13. f4 Rfe8 14. f5 $146 {[%csl Re6]} (14. Bxf6 Bxf6 15. Nxc6
Qxc6 16. Qxd6 Bxc3 17. Qxc6 Bxb2+ 18. Kxb2 bxc6 19. Kc3 e5 20. f5 Red8 21.
Rxd8+ Rxd8 22. Rh3 g6 23. fxg6 hxg6 24. Rd3 Rb8 25. Rd6 Rb6 26. Rd8+ Kg7 27.
Ra8 c5 28. Rc8 Rb4 29. Rxc5 Rxe4 30. Rc4 Re3+ 31. Kb4 Rg3 32. a4 f5 33. Rc7+
Kh6 34. c4 Rxg2 35. Re7 e4 36. c5 Kh5 37. Kc3 Rg3+ 38. Kb4 Rg1 39. Re5 Rc1 40.
Ka5 Rc4 41. Kxa6 Rxa4+ 42. Kb6 Rb4+ 43. Ka6 Kxh4 {Krogulski,G (2325)
-Dukaczewski,P (2225) Polanica Zdroj 1998 0-1}) 14... e5 15. Bxf6 Bxf6 16. Nde2
Rac8 17. Rd2 (17. Kb1) 17... Qa5 18. g4 b5 19. g5 $13 Be7 20. Nd5 $5 Qxa2 21.
Nxe7+ Kf8 (21... Rxe7 22. Nc3 Qa1+ 23. Nb1 Rd7) 22. Nc3 Qa1+ 23. Nb1 Kxe7 (
23... Rxe7 24. f6) 24. f6+ $4 (24. Qxd6# {C'est peut-être 23.  Re7 qui a
été joué car j'imagine mal la future championne du Monde rater un mat en 1!}
) 24... Kf8 {C'était donc bien Ke7 qui a été joué...} 25. h5 Qa4 26. Nc3
Qa1+ 27. Nb1 Qa4 1/2-1/2